Guía de los museos de arte, historia y arqueología de la provincia de Barcelona / Junta de Museos de Barcelona
Descripción Física:
157 p. : il. ; 19'5 cm
Materias:
Museus -- Barcelona (Província) -- Guies
MARC
| LEADER | 00000nam a2200000Ia 4500 | ||
|---|---|---|---|
| 001 | 1775 | ||
| 008 | 160829s1954 xx 000 0 cat d | ||
| 080 | |a B-1-340 | ||
| 110 | 2 | |a Junta de Museus de Barcelona |9 54561 | |
| 245 | |a Guía de los museos de arte, historia y arqueología de la provincia de Barcelona / Junta de Museos de Barcelona | ||
| 260 | |a Barcelona : |b Ayuntamiento de Barcelona, |c 1954 | ||
| 300 | |a 157 p. : |b il. ; |c 19'5 cm | ||
| 650 | |a Museus |x Barcelona (Província) |x Guies |9 20512 | ||
| 710 | 1 | |a Barcelona (Catalunya). |b Ajuntament |9 50981 | |
| 901 | |a Arxiu | ||
| 942 | |n 1 | ||
| 952 | |0 0 |1 0 |4 0 |6 B1340 |7 1 |9 47764 |a Arxiu |b Arxiu |d 2016-12-01 |l 0 |o B-1-340 |p 1775 |r 2016-12-01 00:00:00 |w 2016-12-01 |y ARXIU | ||
| 999 | |c 51563 |d 51563 | ||